000 00881nam a2200241Ia 4500
003 OSt
005 20220923221318.0
006 a|||||r|||| 00| 0
007 ta
008 220922b |||||||| |||| 00| 0 hin d
024 _a197,068
037 _cTextual
040 _aARTS
_cARTS
_bhin
041 _2hin
_ahin
082 _aP152, N0
100 _aशर्मा, शाशिकुमार
245 0 _aहिन्दी क्र्र्र्रिया-विशेषण पदबंध
_b संरचना और प्रकार्य
246 _aHindī krrrriyā-visheṣhaṇ padabandha: sanrachanā aur prakārya
260 _aनई दिल्ली
_b शारदा प्रका0
_c1990
300 _a296]30पृ.
_ccm.
942 _hP152, N0
_cTEXL
_2CC
999 _c348939
_d348939